Effects of rubber leaf litter vermicompost on earthworm population and yield of pineapple (Ananas comosus) in West Tripura, India (Record no. 58372)

MARC details
000 -LEADER
fixed length control field 02062nam a2200253Ia 4500
100 ## - MAIN ENTRY--AUTHOR NAME
Personal name Chadhuri P.S
245 #0 - TITLE STATEMENT
Title Effects of rubber leaf litter vermicompost on earthworm population and yield of pineapple (Ananas comosus) in West Tripura, India
260 ## - PUBLICATION, DISTRIBUTION, ETC. (IMPRINT)
Name of publisher International Journal of Recycling of Organic Wate in Agriculture
Year of publication 2016
300 ## - PHYSICAL DESCRIPTION
Number of Pages 93-103
520 ## - SUMMARY, ETC.
Summary, etc Rubber leaves are the abundant agro-waste and pineapple plantation to determine their effects on earthworms-the soil ecosystem engineers, coupled with the vegetative growth and yield of pineapples. During 30 months of field trial (2010-2012) inICAR regional station, Lembucherra, West Tripura, the control plot (To) received no fertilizer, while experimental plots were fertilized with four different amounts of vermicompost viz. T1 (5 tons ha-1 year-1), T2 (10 tons ha-1 year-1), T3 (20 tons ha-1 year-1) and T4 (30 tons ha-1 year-1). A significant (p<0.05) but gradual increase in density (up to T3 treatment) and biomass (up to T4 treatment) of earthworms were recorded with the increasing amounts of vermicompost. During the second year, average length and width of leaves, number of leaves per plant, plant girth, fruit weight, fruit yield and fruiting percentage were highest in the T3 plot compared to other treated plots and control. The present study reveals that crop yield is very much related to the particular concentration of vermicompost, beyond the level of which production declines and increase in vegetative growth, fruit weight and fruiting percentage of pineapple are strongly linked with the soil pH, av.P, av.K, clay content and the earthworm density of soils.
650 ## - SUBJECT ADDED ENTRY--TOPICAL TERM
Topical Term Earthworm population
650 ## - SUBJECT ADDED ENTRY--TOPICAL TERM
Topical Term Pineapple yield
650 ## - SUBJECT ADDED ENTRY--TOPICAL TERM
Topical Term Principal component analysis
650 ## - SUBJECT ADDED ENTRY--TOPICAL TERM
Topical Term Rubber leaf litter vermicompost
650 ## - SUBJECT ADDED ENTRY--TOPICAL TERM
Topical Term Soil parameter
650 ## - SUBJECT ADDED ENTRY--TOPICAL TERM
Topical Term Soil texture
700 ## - ADDED ENTRY--PERSONAL NAME
Personal name Datta M
700 ## - ADDED ENTRY--PERSONAL NAME
Personal name Dey A
700 ## - ADDED ENTRY--PERSONAL NAME
Personal name Dey S.K
700 ## - ADDED ENTRY--PERSONAL NAME
Personal name Paul T.K
856 ## - ELECTRONIC LOCATION AND ACCESS
Uniform Resource Identifier Copy of article
942 ## - ADDED ENTRY ELEMENTS (KOHA)
Koha item type Journals
Holdings
Withdrawn status Lost status Damaged status Not for loan Home library Current library Shelving location Date acquired Serial Enumeration / chronology Koha item type
      Journals RRII Library RRII Library Agronomy 17/12/2021 Volume 5, Issue 2 Journals